000 00533nam a2200205 i 4500
001 bg
100 1 _aSTRAHLER, Arthur Newell
245 0 _aPrinciples of Physical Geology /
_cArthur N. Strahler.
260 _aNew York :
_bHarper & Row,
_ccop.1977.
300 _a419 s. :
_bfot., rys. ;
_c28 cm.
504 _aBibliogr. s.379-391.
650 9 _aGeologia
020 _a006464577
040 _cBPK
041 0 _aen
080 _a551.1/.4
920 _a0-06-46457-7
942 _cKS
008 s pl f |000 0 pol
999 _c30180
_d30180
856 _uhttp://koha.tu.koszalin.pl/cgi-bin/koha/opac-detail.pl?biblionumber=30180
_yKatalog online BPK